Tous les sites UNESCO d'Égypte et du Soudan sur une carte - Statistiques

Statistiques générales
  • Ce quiz a été pris 24 fois
  • Le résultat moyen est 5 sur 10
Réponses sur la Carte
Les réponses sont colorées sur une échelle allant du rouge au vert en fonction du pourcentage des utilisateurs qui les ont devinées à leur premier essai. Vous pouvez retrouver ces pourcentages ci-dessous.
 
Statistiques - réponses
Réponse % Correct
Thèbes antique et sa nécropole
70%
Le Caire historique
65%
Monuments de Nubie d'Abou Simbel à Philae
65%
Parcs nationaux marins de Sanganeb et de la baie de Dungonab – île de Mukkawar
65%
Zone Sainte-Catherine
55%
Memphis et sa nécropole – les zones des pyramides de Guizeh à Dahchour
50%
Sites archéologiques de l’île de Méroé
35%
Gebel Barkal et les sites de la région napatéenne
30%
Abou Mena
20%
Wadi Al-Hitan (La vallée des Baleines)
20%
Aucun quiz correspondant
Distribution des résultats
% des personnes avec chaque résultat
Percentile par nombre de réponses
Votre historique - résultats
Vous n’avez pas pris ce quiz